Points of view (Record no. 27706)

MARC details
000 -LEADER
fixed length control field 00541nam a22001817a 4500
005 - DATE AND TIME OF LATEST TRANSACTION
control field 20090620151226.0
008 - FIXED-LENGTH DATA ELEMENTS--GENERAL INFORMATION
fixed length control field 090620t xxu||||| |||| 00| 0 eng d
022 ## - INTERNATIONAL STANDARD SERIAL NUMBER
International Standard Serial Number 0971-605X
037 ## - SOURCE OF ACQUISITION
Source of stock number/acquisition DBAD
245 ## - TITLE STATEMENT
Title Points of view
260 ## - PUBLICATION, DISTRIBUTION, ETC. (IMPRINT)
Place of publication, distribution, etc Ghaziabad
Name of publisher, distributor, etc Points of View
Date of publication, distribution, etc 2009-
300 ## - PHYSICAL DESCRIPTION
Extent v.
Dimensions 24 cm
310 ## - CURRENT PUBLICATION FREQUENCY
Current publication frequency Biannual
270 ## - ADDRESS
Address KH/127, New Kavi Nagar,
City Ghaziabad
Postal code 201002
Telephone number 2700365
365 ## - TRADE PRICE
Price amount 300.00 per annum
942 ## - ADDED ENTRY ELEMENTS (KOHA)
Source of classification or shelving scheme Dewey Decimal Classification
Item type Periodicals
Serial record 1
Holdings
Withdrawn status Lost status Source of classification or shelving scheme Damaged status Not for loan Collection code Home library Current library Date acquired Total Checkouts Date last seen Price effective from Koha item type
    Dewey Decimal Classification   Not For Loan Non-fiction D.B.Act.Division D.B.Act.Division 20/06/2009   20/06/2009 20/06/2009 Periodicals

© Delhi Public Library
Hit Counter
free hit counter